[Event "1st FIDE Olympiad DIS 2023"]
[Site "Belgrade"]
[Date "2023.02.04"]
[Round "6.14"]
[White "Larduet Despaigne, Carlos"]
[Black "Mamarajabov, Sardorbek"]
[Result "1/2-1/2"]
[WhiteElo "2277"]
[BlackElo "1712"]
[Annotator "TA"]
[PlyCount "55"]
[EventDate "2023.01.30"]
[EventType "team-tourn"]
[EventCountry "SRB"]
[SourceTitle "playchess.com"]
[Source "ChessBase"]
[SourceQuality "1"]
[WhiteTeam "Cuba"]
[BlackTeam "Uzbekistan"]
[WhiteTeamCountry "CUB"]
[BlackTeamCountry "UZB"]
[TimeControl "40/5400+30:1800+30"]

{[%evp 16,55,67,10,46,46,58,45,61,56,47,44,46,43,45,11,27,32,34,33,106,97,99,65,77,72,76,81,87,84,92,-22,-46,-33,-37,-122,-106,-112,-113,-183,-97,-117]} 1. d4 {[%emt 0:00:04]} d5 {[%emt 0:01:06]} 2. Nf3 {[%emt 0:00:18]} Nf6 {[%emt 0:00:24]} 3. c4 {[%emt 0:00:40]} c6 {[%emt 0:00:17]} 4. Qc2 {[%emt 0:00:41]} e6 {[%emt 0:01:46]} 5. g3 {[%emt 0:00:27]} Nbd7 {[%emt 0:00:10]} 6. Bg2 {[%emt 0:00:13]} dxc4 {[%emt 0:00:52]} 7. Qxc4 {[%emt 0:00:12]} Bd6 {[%emt 0:04:26]} 8. O-O {[%emt 0:00:41]} O-O {[%emt 0:00:18]} 9. Nc3 {[%emt 0:05:33]} ({Better is} 9. Bf4 $14 Bxf4 10. gxf4) 9... h6 {[%emt 0:05:09] E01: Catalan: Early deviations.} 10. h3 {[%emt 0:03:59]} Qe7 {[%emt 0:00:50]} 11. e4 {[%emt 0:00:23] [#] And now e5 would win.} e5 {[%emt 0:00:08] White is slightly better.} 12. Be3 {[%emt 0:01:16] [#] White is more active.} Nb6 $146 {[%emt 0:12:33]} ({Predecessor:} 12... Re8 13. Rfe1 Bc7 14. Rad1 exd4 15. Nxd4 Nf8 16. f4 Nh5 17. Bf2 Ne6 18. Nxe6 Bxe6 {½-½ Marszalek,M (2250)-Zawadzki,S (2416) POL-chT U19 33rd 2002 (7)}) 13. Qe2 {[%emt 0:01:52]} exd4 {[%emt 0:14:12]} 14. Nxd4 {[%emt 0:00:13]} Bb4 {[%emt 0:03:11]} 15. Qc2 {[%emt 0:07:59]} Bxc3 {[%emt 0:04:22]} (15... Nc4 $5 {[%cal Rc4e3]}) 16. bxc3 {[%emt 0:00:30][%cal Bb2c3,Bc3c4,Bc4c5][%mdl 32]} Nc4 {[%emt 0:00:18]} 17. Bf4 {[%emt 0:01:02]} Ne5 {[%emt 0:11:37]} (17... Re8 $14) 18. Rfe1 $16 {[%emt 0:01:27]} Re8 {[%emt 0:04:01]} 19. Rab1 {[%emt 0:01:39]} Qc5 {[%emt 0:00:18]} 20. Nb3 {[%emt 0:11:25]} Qa3 {[%emt 0:01:07]} 21. c4 {[%emt 0:04:10]} a5 {[%emt 0:04:07]} 22. c5 {[%emt 0:24:36] Hoping for Re3.} a4 {[%emt 0:05:01] [#]} 23. Nc1 {[%emt 0:00:03]} (23. Nd2 $1 $16 {Re3 is the strong threat.} Qd3 24. Qb2) 23... Nf3+ $11 {[%emt 0:01:20]} 24. Bxf3 {[%emt 0:01:09]} Qxf3 {[%emt 0:00:10]} 25. Qd3 {[%emt 0:03:38]} ({White has to play} 25. Re3 $15 Qh5 26. f3) 25... Qh5 {[%emt 0:00:56]} 26. g4 {[%emt 0:01:03]} Qxc5 {[%emt 0:03:47]} 27. a3 {[%emt 0:06:04]} (27. Be3 $17 {was called for.} Qa5 28. Bd2) 27... Qa5 {[%emt 0:06:54]} (27... h5 $19 28. Be3 Qe5) 28. Bd2 {[%emt 0:02:41] Weighted Error Value: White=0.30/Black=0.13 (very precise)} 1/2-1/2

[Event "1st FIDE Olympiad DIS 2023"]
[Site "Belgrade"]
[Date "2023.02.04"]
[Round "6.14"]
[White "Nkhupi Robert"]
[Black "CHIKAFU, ONAI"]
[Result "1/2-1/2"]
[WhiteElo "1738"]
[BlackElo "1494"]
[Annotator "NA RC COMBH"]
[PlyCount "84"]
[EventDate "2023.01.30"]
[EventType "team-tourn"]
[EventCountry "SRB"]
[SourceTitle "playchess.com"]
[Source "ChessBase"]
[SourceQuality "1"]
[WhiteTeam "Zambia"]
[BlackTeam "Zimbabwe"]
[WhiteTeamCountry "ZAM"]
[BlackTeamCountry "ZIM"]
[TimeControl "40/5400+30:1800+30"]

1. e4 {[%emt 0:00:26]} e6 {[%emt 0:00:48]} 2. d4 {[%emt 0:03:04]} d5 {[%emt 0:00:26]} 3. Nc3 {[%emt 0:03:12]} Bb4 {[%emt 0:01:33]} 4. e5 {[%emt 0:02:57]} c5 {[%emt 0:00:50]} 5. Be3 {[%emt 0:07:28]} Nc6 {[%emt 0:00:28]} 6. Bb5 {[%emt 0:04:53]} cxd4 {[%emt 0:01:45]} 7. Bxd4 {[%emt 0:02:04]} Qh4 {[%emt 0:00:41]} 8. Nf3 {[%emt 0:00:28]} Qe4+ {[%emt 0:01:00]} 9. Kf1 {[%emt 0:02:31]} Bxc3 {[%emt 0:03:00]} 10. bxc3 {[%emt 0:00:03]} f5 {[%emt 0:01:07]} 11. h3 {[%emt 0:01:33]} Qf4 {[%emt 0:00:47]} 12. Be3 {[%emt 0:03:53]} Qe4 {[%emt 0:00:49]} 13. a4 {[%emt 0:00:10]} d4 {[%emt 0:01:35]} 14. cxd4 {[%emt 0:04:27]} a6 {[%emt 0:01:08]} 15. Bd3 {[%emt 0:01:36]} Qd5 {[%emt 0:00:35]} 16. c4 {[%emt 0:00:32]} Qd8 {[%emt 0:00:14]} 17. g3 {[%emt 0:01:51]} Nge7 {[%emt 0:00:49]} 18. Qd2 {[%emt 0:07:06]} O-O {[%emt 0:01:56]} 19. a5 {[%emt 0:00:21]} h6 {[%emt 0:02:10]} 20. h4 {[%emt 0:10:29]} Qe8 {[%emt 0:01:59]} 21. h5 {[%emt 0:02:35]} Qf7 {[%emt 0:01:20]} 22. Ke2 {[%emt 0:00:32]} Kh8 {[%emt 0:02:09]} 23. Bc2 {[%emt 0:02:46]} Bd7 {[%emt 0:04:04]} 24. Rad1 {[%emt 0:00:34]} Rad8 {[%emt 0:02:01]} 25. d5 {[%emt 0:01:33]} Nb8 {[%emt 0:01:53]} 26. Bb6 {[%emt 0:00:55]} Rc8 {[%emt 0:01:29]} 27. Rh4 {[%emt 0:00:39]} exd5 {[%emt 0:02:33]} 28. cxd5 {[%emt 0:08:09]} Nxd5 {[%emt 0:00:35]} 29. Nd4 {[%emt 0:00:45]} Nc3+ {[%emt 0:00:21]} 30. Ke1 {[%emt 0:01:35]} Nxd1 {[%emt 0:00:21]} 31. Kxd1 {[%emt 0:02:35]} Qc4 {[%emt 0:01:15]} 32. Bd3 {[%emt 0:04:46]} Qd5 {[%emt 0:03:06]} 33. f4 {[%emt 0:00:35]} Ba4+ {[%emt 0:00:38]} 34. Ke1 {[%emt 0:00:44]} Nd7 {[%emt 0:00:57]} 35. Nxf5 {[%emt 0:04:04]} Nxb6 {[%emt 0:00:17]} 36. Ne7 {[%emt 0:01:00]} Qd4 {[%emt 0:00:17]} 37. Ng6+ {[%emt 0:00:38]} Kg8 {[%emt 0:01:21]} 38. axb6 {[%emt 0:01:49]} Qg1+ {[%emt 0:00:29]} 39. Ke2 {[%emt 0:04:30]} Qg2+ {[%emt 0:00:30]} 40. Ke1 {[%emt 0:01:09]} Qxg3+ {[%emt 0:00:21]} 41. Kf1 {[%emt 0:30:21]} Rfe8 {[%emt 0:30:36]} 42. Qa2+ {[%emt 0:00:44]} Kh7 {[%emt 0:05:18]} 1/2-1/2

[Event "1st FIDE Olympiad DIS 2023"]
[Site "Belgrade"]
[Date "2023.02.04"]
[Round "6.15"]
[White "Shayusupov, Marsel"]
[Black "Interian Rodriguez, Alberto D."]
[Result "1-0"]
[WhiteElo "1580"]
[BlackElo "2082"]
[Annotator "TA"]
[PlyCount "67"]
[EventDate "2023.01.30"]
[EventType "team-tourn"]
[EventCountry "SRB"]
[SourceTitle "playchess.com"]
[Source "ChessBase"]
[SourceQuality "1"]
[WhiteTeam "Uzbekistan"]
[BlackTeam "Cuba"]
[WhiteTeamCountry "UZB"]
[BlackTeamCountry "CUB"]
[TimeControl "40/5400+30:1800+30"]

{[%evp 9,67,35,43,32,56,50,56,59,72,65,81,75,115,67,133,137,129,49,104,93,112,95,98,97,113,105,122,107,164,162,154,168,181,179,206,199,200,178,190,183,204,204,208,161,234,196,196,198,200,198,674,679,2208,1435,2281,2034,29989,29990,29990,29990]} 1. d4 {[%emt 0:00:06]} Nf6 {[%emt 0:00:02]} 2. c4 {[%emt 0:00:06]} g6 {[%emt 0:00:05]} 3. h4 {[%emt 0:00:05]} Bg7 {[%emt 0:00:41]} 4. Nc3 {[%emt 0:00:05]} d6 {[%emt 0:00:34]} 5. e4 {[%emt 0:00:06]} h5 {[%emt 0:03:42]} 6. f3 {[%emt 0:01:06] E60: King's Indian: Unusual lines and Fianchetto Variation without Nc3.} Nc6 {[%emt 0:05:30]} 7. Be3 {[%emt 0:00:36]} O-O {[%emt 0:03:39]} 8. Qd2 $1 {[%emt 0:00:39] [#] White is slightly better.} e5 $146 {[%emt 0:00:13] White must now prevent ...exd4.} ({Predecessor:} 8... Bd7 9. O-O-O a6 10. Kb1 Rb8 11. Bh6 Na7 12. g4 hxg4 13. h5 Nxh5 14. Rxh5 Bxh6 15. Rxh6 {1-0 Soto,C (2126)-Ramos Arboleda,D (1603) Medellin Easter op 7th 2017 (6)}) 9. d5 {[%emt 0:00:02]} Ne7 {[%emt 0:08:42]} 10. Be2 {[%emt 0:00:32]} Nh7 {[%emt 0:01:02]} 11. g4 {[%emt 0:00:22]} (11. O-O-O $16) 11... f5 {[%emt 0:02:23]} (11... Nf6 $14) 12. gxf5 {[%emt 0:02:28]} gxf5 {[%emt 0:00:06]} 13. Bg5 {[%emt 0:00:01] White is more active.} (13. Nh3 $16) 13... f4 {[%emt 0:03:16]} (13... Nxg5 $1 $14 14. Qxg5 Rf6) 14. O-O-O $16 {[%emt 0:00:52]} Bf6 {[%emt 0:14:28]} 15. Nh3 {[%emt 0:00:46]} Bxh3 {[%emt 0:00:23]} 16. Rxh3 {[%emt 0:00:02]} Ng6 {[%emt 0:00:01]} 17. Rg1 {[%emt 0:00:27] Black is weak on the light squares} Kf7 {[%emt 0:00:37]} 18. Rh2 {[%emt 0:01:09]} Bxg5 {[%emt 0:20:15]} (18... Rg8 $16) 19. hxg5 $18 {[%emt 0:00:20]} h4 {[%emt 0:00:10]} 20. Bf1 {[%emt 0:01:06][%cal Be2f1,Bf1h3,Bh3f5][%mdl 32]} Rh8 {[%emt 0:01:47]} (20... Nxg5 $2 21. Qg2 $18) 21. Bh3 {[%emt 0:02:13]} Kg7 {[%emt 0:00:48]} 22. Qg2 {[%emt 0:00:24]} Qe7 {[%emt 0:01:46]} 23. Bf5 {[%emt 0:00:17]} Nhf8 {[%emt 0:00:17]} 24. Qg4 {[%emt 0:00:13]} a6 {[%emt 0:00:38]} 25. Nd1 {[%emt 0:00:37][%cal Bc3d1,Bd1f2,Bf2g4][%mdl 32]} b5 {[%emt 0:00:18]} 26. Rgh1 {[%emt 0:08:31]} Rb8 {[%emt 0:03:04]} (26... bxc4 $142 27. Rc2 Qf7 28. Rxc4 c5) 27. Nf2 {[%emt 0:02:49][%cal Rh2h4] aiming for Rxh4.} bxc4 {[%emt 0:00:06][%cal Oc4c3] [#]} 28. Rxh4 $1 {[%emt 0:00:30]} Nxh4 {[%emt 0:07:40]} 29. Rxh4 {[%emt 0:00:12]} Rxh4 {[%emt 0:03:08]} (29... Ne6 30. Rxh8 (30. Bxe6 Rxh4 {[%mdl 64] Remove Defender} 31. Qxh4 Rh8 $18) 30... Rxh8 31. Bxe6 (31. dxe6 c3 $14) 31... Qe8) 30. Qxh4 {[%emt 0:00:08]} c3 {[%emt 0:03:04]} 31. b3 {[%emt 0:02:50]} c6 {[%emt 0:00:44]} 32. Ng4 {[%emt 0:06:51]} (32. dxc6 d5 $16) 32... Qa7 {[%emt 0:00:54]} 33. Qh6+ {[%emt 0:00:09]} Kf7 {[%emt 0:00:00] [#]} 34. Bg6+ $1 {[%emt 0:00:01][%mdl 576] Deflection. Ingenious play by Shayusupov!   Weighted Error Value: White=0.13 (very precise) /Black=0.64} 1-0

[Event "1st FIDE Olympiad DIS 2023"]
[Site "Belgrade"]
[Date "2023.02.04"]
[Round "6.16"]
[White "Batista Rivera, Idalis"]
[Black "Kimsanboyev, Axadxon"]
[Result "0-1"]
[WhiteElo "1775"]
[BlackElo "1600"]
[Annotator "NA RC COMBH"]
[PlyCount "80"]
[EventDate "2023.01.30"]
[EventType "team-tourn"]
[EventCountry "SRB"]
[SourceTitle "playchess.com"]
[Source "ChessBase"]
[SourceQuality "1"]
[WhiteTeam "Cuba"]
[BlackTeam "Uzbekistan"]
[WhiteTeamCountry "CUB"]
[BlackTeamCountry "UZB"]

1. e4 c5 2. Nf3 e6 3. Nc3 a6 4. d4 cxd4 5. Nxd4 Qc7 6. a3 b5 7. Be2 Bb7 8. Bf3 Nf6 9. Qd3 d6 10. O-O Nbd7 11. Nb3 Ne5 12. Qd1 Be7 13. Re1 O-O 14. g3 Nxf3+ 15. Qxf3 d5 16. exd5 Nxd5 17. Nxd5 Bxd5 18. Qc3 Qxc3 19. bxc3 Rfc8 20. Bb2 Rc4 21. Rad1 Bf6 22. Nd4 g6 23. Rd3 Rac8 24. Red1 Ra4 25. R3d2 Be7 26. Ra1 Bg5 27. Rdd1 Be7 28. h4 Bc5 29. Ne2 Bf3 30. Rd2 Bxe2 31. Rxe2 Be7 32. Re3 Bf6 33. Rd1 Rac4 34. Rd6 Ra4 35. Rf3 Kg7 36. Kf1 b4 37. Rxf6 bxa3 38. Bxa3 Kxf6 39. Bb4 Ra2 40. Rd7 Rxc2 0-1

[Event "1st FIDE Olympiad DIS 2023"]
[Site "Belgrade"]
[Date "2023.02.04"]
[Round "6.17"]
[White "Pavicevic, Jovan R"]
[Black "Orsag, Milan"]
[Result "1-0"]
[WhiteElo "2214"]
[BlackElo "2308"]
[Annotator "TA"]
[PlyCount "78"]
[EventDate "2023.01.30"]
[EventType "team-tourn"]
[EventCountry "SRB"]
[SourceTitle "playchess.com"]
[Source "ChessBase"]
[SourceQuality "1"]
[WhiteTeam "Serbia"]
[BlackTeam "Czech Republic"]
[WhiteTeamCountry "SRB"]
[BlackTeamCountry "CZE"]

1. e4 c5 2. Nf3 e6 3. b3 b6 4. Bb2 Bb7 5. d3 d6 6. g3 Nf6 7. Bg2 Be7 8. O-O O-O 9. Nbd2 Nc6 10. Re1 Nd7 11. Nf1 Bf6 12. d4 Qc7 13. c4 Rfd8 14. Qd2 cxd4 15. Nxd4 Nxd4 16. Bxd4 a6 17. Rac1 Bxd4 18. Qxd4 Rac8 19. Red1 Nf6 20. Ne3 Qc5 21. f4 Qc7 22. Qd3 Qb8 23. Qd4 Bc6 24. Rc2 Qa8 25. Qxb6 Rb8 26. Qd4 Bxe4 27. Bxe4 Nxe4 28. f5 Re8 29. Re2 a5 30. fxe6 fxe6 31. Ng2 Nf6 32. Rde1 a4 33. Qxd6 axb3 34. axb3 Rxb3 35. Rxe6 Rd8 36. Qc6 Rc3 37. Nf4 Qa7+ 38. Kh1 Rc2 39. Re8+ Kf7 1-0

[Event "1st FIDE Olympiad DIS 2023"]
[Site "Belgrade"]
[Date "2023.02.04"]
[Round "6.17"]
[White "Shashikant, Kutwal"]
[Black "Severino, Sander"]
[Result "1/2-1/2"]
[WhiteElo "2182"]
[BlackElo "2364"]
[Annotator "TA"]
[PlyCount "73"]
[EventDate "2023.01.30"]
[EventType "team-tourn"]
[EventCountry "SRB"]
[SourceTitle "playchess.com"]
[Source "ChessBase"]
[SourceQuality "1"]
[WhiteTeam "India"]
[BlackTeam "Philippines"]
[WhiteTeamCountry "IND"]
[BlackTeamCountry "PHI"]

1. e4 c6 2. d4 d5 3. e5 Bf5 4. Nf3 e6 5. Be2 Nd7 6. O-O Ne7 7. Nbd2 h6 8. Nb3 a6 9. a4 Rc8 10. Bd2 c5 11. Nxc5 Nxc5 12. dxc5 Rxc5 13. Nd4 Bh7 14. b4 Rc8 15. b5 a5 16. Qe1 b6 17. Rc1 Qc7 18. Bd3 Nf5 19. Nc6 Ba3 20. Ra1 Bc5 21. Be3 Bxe3 22. fxe3 Ne7 23. Qg3 O-O 24. Nd4 Qc3 25. Ne2 Qc5 26. Nd4 Qc3 27. Ne2 Qb4 28. Rfb1 Qc5 29. Nd4 Qc3 30. Ne2 Qc7 31. Nd4 Qd7 32. Rf1 Rc3 33. Rad1 Qc8 34. Qh4 Qd7 35. Qg3 Qc8 36. Qh4 Qd7 37. Ra1 1/2-1/2

[Event "1st FIDE Olympiad DIS 2023"]
[Site "Belgrade"]
[Date "2023.02.04"]
[Round "6.18"]
[White "Babula, Milan"]
[Black "Tonic, Milos"]
[Result "1/2-1/2"]
[WhiteElo "2107"]
[BlackElo "2018"]
[Annotator "TA"]
[PlyCount "62"]
[EventDate "2023.01.30"]
[EventType "team-tourn"]
[EventCountry "SRB"]
[SourceTitle "playchess.com"]
[Source "ChessBase"]
[SourceQuality "1"]
[WhiteTeam "Czech Republic"]
[BlackTeam "Serbia"]
[WhiteTeamCountry "CZE"]
[BlackTeamCountry "SRB"]

1. e4 c6 2. d4 d5 3. Nc3 dxe4 4. Nxe4 Nf6 5. Nxf6+ exf6 6. Bc4 Bd6 7. Qe2+ Qe7 8. Qxe7+ Bxe7 9. Be3 O-O 10. Ne2 Nd7 11. O-O Nb6 12. Bb3 a5 13. a4 Be6 14. Bxe6 fxe6 15. Nf4 Kf7 16. Rfe1 g5 17. Nd3 Nd5 18. c4 Nb4 19. Nxb4 Bxb4 20. Red1 Rad8 21. Kf1 Rd7 22. Ke2 Rfd8 23. f3 b6 24. Rd3 e5 25. Rad1 exd4 26. Rxd4 Rxd4 27. Rxd4 Rxd4 28. Bxd4 Bc5 29. Kd3 f5 30. g4 Ke6 31. Bc3 Bd6 1/2-1/2

[Event "1st FIDE Olympiad DIS 2023"]
[Site "Belgrade"]
[Date "2023.02.04"]
[Round "6.18"]
[White "Lopez, Henry"]
[Black "Kishan, Gangolli"]
[Result "1/2-1/2"]
[WhiteElo "2102"]
[BlackElo "2059"]
[Annotator "TA"]
[PlyCount "68"]
[EventDate "2023.01.30"]
[EventType "team-tourn"]
[EventCountry "SRB"]
[SourceTitle "playchess.com"]
[Source "ChessBase"]
[SourceQuality "1"]
[WhiteTeam "Philippines"]
[BlackTeam "India"]
[WhiteTeamCountry "PHI"]
[BlackTeamCountry "IND"]

1. d4 Nf6 2. Nf3 d5 3. c4 e6 4. Nc3 a6 5. cxd5 exd5 6. Bg5 Be6 7. e3 Nbd7 8. Bd3 Bd6 9. O-O O-O 10. Qc2 h6 11. Bf4 Qe7 12. Rfe1 Rac8 13. h3 c5 14. dxc5 Nxc5 15. Bxd6 Qxd6 16. Rad1 Qb6 17. Qe2 Nce4 18. Bxe4 dxe4 19. Nd4 Bc4 20. Qd2 Rfd8 21. Rc1 Qd6 22. b3 Be6 23. Nce2 Bd7 24. Rxc8 Rxc8 25. Rc1 Rc5 26. Rxc5 Qxc5 27. Nf4 a5 28. a4 Kf8 29. Nfe2 Ke7 30. Nc3 Qb4 31. Qc2 Qc5 32. Qd2 Qb4 33. Qc2 Qc5 34. Qd2 Qb4 1/2-1/2

[Event "1st FIDE Olympiad DIS 2023"]
[Site "Belgrade"]
[Date "2023.02.04"]
[Round "6.19"]
[White "Zivic, Dragan"]
[Black "Valenta, Vit Vaclav"]
[Result "1/2-1/2"]
[WhiteElo "2186"]
[BlackElo "2022"]
[Annotator "TA"]
[PlyCount "63"]
[EventDate "2023.01.30"]
[EventType "team-tourn"]
[EventCountry "SRB"]
[SourceTitle "playchess.com"]
[Source "ChessBase"]
[SourceQuality "1"]
[WhiteTeam "Serbia"]
[BlackTeam "Czech Republic"]
[WhiteTeamCountry "SRB"]
[BlackTeamCountry "CZE"]

1. e4 e5 2. Nf3 Nc6 3. Bc4 Be7 4. d4 d6 5. dxe5 Nxe5 6. Nxe5 dxe5 7. Qh5 g6 8. Qxe5 Nf6 9. Bh6 Rg8 10. f3 c6 11. Bg5 Nd7 12. Qxe7+ Qxe7 13. Bxe7 Kxe7 14. a4 a5 15. Nc3 Ne5 16. Bb3 b6 17. f4 Nd7 18. O-O Ba6 19. Rfe1 Nc5 20. Ba2 Rad8 21. Rad1 Rge8 22. Kf2 Kf8 23. e5 Bc8 24. h3 Bf5 25. Bb1 h5 26. Kf3 h4 27. b3 Ke7 28. Ke3 f6 29. Kf3 Rxd1 30. Rxd1 fxe5 31. fxe5 Rf8 32. Ke3 1/2-1/2

[Event "1st FIDE Olympiad DIS 2023"]
[Site "Belgrade"]
[Date "2023.02.04"]
[Round "6.19"]
[White "Darpan, Inani"]
[Black "Infiesto, James"]
[Result "1-0"]
[WhiteElo "2016"]
[BlackElo "1930"]
[Annotator "TA"]
[PlyCount "113"]
[EventDate "2023.01.30"]
[EventType "team-tourn"]
[EventCountry "SRB"]
[SourceTitle "playchess.com"]
[Source "ChessBase"]
[SourceQuality "1"]
[WhiteTeam "India"]
[BlackTeam "Philippines"]
[WhiteTeamCountry "IND"]
[BlackTeamCountry "PHI"]

1. e4 e5 2. Bc4 Nc6 3. Nc3 g6 4. Qf3 Nf6 5. Nge2 Bg7 6. d3 h6 7. a3 d6 8. h3 Qe7 9. Be3 Be6 10. O-O-O Na5 11. Nd5 Bxd5 12. Bxd5 Nxd5 13. exd5 b6 14. g4 Rf8 15. h4 f5 16. gxf5 gxf5 17. Bd2 Nb7 18. Ng3 O-O-O 19. Rdg1 f4 20. Qg4+ Qd7 21. Ne4 Qxg4 22. Rxg4 Rd7 23. b4 Nd8 24. Rg6 Rf5 25. Rhg1 Rff7 26. f3 Rde7 27. Be1 Bf8 28. Rg8 Rf5 29. R1g6 Ref7 30. Bf2 Rh5 31. Nf6 Rf5 32. Ne4 Rh5 33. Rf6 Rf5 34. Rfg6 Rh5 35. Rf6 Rf5 36. Rxf7 Rxf7 37. Kd2 Kd7 38. h5 Rf5 39. Bh4 Be7 40. Rg7 Nf7 41. Nf6+ Bxf6 42. Rxf7+ Ke8 43. Rxf6 Rxh5 44. Bf2 Rh1 45. Rg6 Rf1 46. Ke2 Rc1 47. Kd2 Rf1 48. Be1 Rxf3 49. Rxh6 Kd7 50. Rh7+ Kc8 51. Ke2 Re3+ 52. Kf1 e4 53. Bf2 Rf3 54. Kg2 b5 55. Re7 exd3 56. Kxf3 d2 57. Ke2 1-0

[Event "1st FIDE Olympiad DIS 2023"]
[Site "Belgrade"]
[Date "2023.02.04"]
[Round "6.20"]
[White "Bernardo, Darry"]
[Black "Naveen, Kumar A."]
[Result "1-0"]
[WhiteElo "2070"]
[BlackElo "2014"]
[Annotator "TA"]
[PlyCount "157"]
[EventDate "2023.01.30"]
[EventType "team-tourn"]
[EventCountry "SRB"]
[SourceTitle "playchess.com"]
[Source "ChessBase"]
[SourceQuality "1"]
[WhiteTeam "Philippines"]
[BlackTeam "India"]
[WhiteTeamCountry "PHI"]
[BlackTeamCountry "IND"]

1. e4 c6 2. d4 d5 3. Nc3 dxe4 4. Nxe4 Nf6 5. Ng5 h6 6. N5f3 Bf5 7. Bc4 e6 8. Ne2 Bd6 9. O-O O-O 10. Bf4 Bxf4 11. Nxf4 Nd5 12. Bxd5 exd5 13. Ne5 Nd7 14. Nxd7 Qxd7 15. Qd2 Rfe8 16. Rae1 Rxe1 17. Rxe1 Re8 18. c3 Re7 19. f3 Qe8 20. Rxe7 Qxe7 21. Kf2 Qh4+ 22. Kg1 Qe7 23. g3 g5 24. Ng2 Bg6 25. Kf2 Kg7 26. Ne3 f5 27. c4 dxc4 28. Nxc4 Bf7 29. Ne3 Qd7 30. b3 b6 31. Qc3 Bd5 32. Qd3 Be6 33. Qd2 Kf6 34. Nc2 Bd5 35. Nb4 Qd6 36. Nd3 Bg8 37. Qc3 Bd5 38. Qe1 Qe7 39. Qc1 Qd6 40. Qc3 Qa3 41. Qd2 a5 42. Qb2 Qd6 43. Qc1 Qe7 44. h3 Qd6 45. h4 Bf7 46. hxg5+ hxg5 47. Qa1 Bd5 48. Qh1 Kg7 49. Qe1 Kf6 50. Qe8 Qe7 51. Qh8+ Qg7 52. Qd8+ Ke6 53. Qxb6 Qh8 54. Ke3 Qh1 55. Nc5+ Kf7 56. Qc7+ Kg6 57. Nd3 Qxf3+ 58. Kd2 Qg2+ 59. Kc3 Qf3 60. Kd2 Qg2+ 61. Kc1 Qg1+ 62. Kd2 Qxd4 63. Qxa5 Be4 64. Qc3 Qd6 65. Ke2 Bxd3+ 66. Qxd3 Qxd3+ 67. Kxd3 Kf6 68. Kd4 Ke6 69. a4 Kd6 70. b4 Kc7 71. Ke5 f4 72. gxf4 gxf4 73. Kxf4 c5 74. b5 Kb6 75. Ke4 Ka5 76. Kd3 Kb6 77. Kc4 Ka5 78. Kxc5 Kxa4 79. b6 1-0

[Event "1st FIDE Olympiad DIS 2023"]
[Site "Belgrade"]
[Date "2023.02.04"]
[Round "6.20"]
[White "Ryvova, Anna"]
[Black "Ilic, Slobodan S"]
[Result "0-1"]
[WhiteElo "1823"]
[BlackElo "2027"]
[Annotator "TA"]
[PlyCount "40"]
[EventDate "2023.01.30"]
[EventType "team-tourn"]
[EventCountry "SRB"]
[SourceTitle "playchess.com"]
[Source "ChessBase"]
[SourceQuality "1"]
[WhiteTeam "Czech Republic"]
[BlackTeam "Bosnia  Herzegovina"]
[WhiteTeamCountry "CZE"]
[BlackTeamCountry "BIH"]

1. e4 c5 2. c3 Nf6 3. e5 Nd5 4. Nf3 e6 5. Bc4 Nb6 6. Bb3 c4 7. Bc2 d6 8. exd6 Bxd6 9. d4 Bd7 10. O-O Bc6 11. Nbd2 N8d7 12. Ne4 Be7 13. Bf4 Nf6 14. Nxf6+ gxf6 15. Qe2 Qd5 16. b3 Rg8 17. Kh1 h5 18. Rae1 f5 19. Qe5 Qxf3 20. Rg1 Rxg2 0-1

[Event "1st FIDE Olympiad DIS 2023"]
[Site "Belgrade"]
[Date "2023.02.04"]
[Round "6.21"]
[White "Sahin, Handenur"]
[Black "Bursuc, Mihai"]
[Result "1-0"]
[WhiteElo "1915"]
[BlackElo "1823"]
[Annotator "TA"]
[PlyCount "63"]
[EventDate "2023.01.30"]
[EventType "team-tourn"]
[EventCountry "SRB"]
[SourceTitle "playchess.com"]
[Source "ChessBase"]
[SourceQuality "1"]
[WhiteTeam "Turkey"]
[BlackTeam "Romania"]
[WhiteTeamCountry "TUR"]
[BlackTeamCountry "ROU"]

1. e4 c5 2. Nc3 d6 3. Nge2 Nf6 4. d4 cxd4 5. Nxd4 g6 6. Be3 Bg7 7. f3 O-O 8. Qd2 Nc6 9. O-O-O d5 10. Kb1 Nxd4 11. e5 Nxf3 12. gxf3 Nh5 13. Qxd5 Qc7 14. f4 Be6 15. Qg2 Bh6 16. f5 Bxe3 17. fxe6 fxe6 18. Qe4 Bh6 19. Bc4 Ng7 20. Qg4 Rf5 21. Nb5 Qc8 22. Nd4 Rxe5 23. Bb3 Kh8 24. Qg3 Rg5 25. Qh4 Rh5 26. Qxe7 e5 27. Nb5 Qe8 28. Qxe8+ Rxe8 29. Nd6 Rb8 30. Nf7+ Kg8 31. Nxe5+ Ne6 32. Nd7 1-0

[Event "1st FIDE Olympiad DIS 2023"]
[Site "Belgrade"]
[Date "2023.02.04"]
[Round "6.22"]
[White "Pribeanu, Mihail-Dacian"]
[Black "Deniz, Ugur"]
[Result "1-0"]
[WhiteElo "2134"]
[BlackElo "1946"]
[Annotator "TA"]
[PlyCount "43"]
[EventDate "2023.01.30"]
[EventType "team-tourn"]
[EventCountry "SRB"]
[SourceTitle "playchess.com"]
[Source "ChessBase"]
[SourceQuality "1"]
[WhiteTeam "Romania"]
[BlackTeam "Turkey"]
[WhiteTeamCountry "ROU"]
[BlackTeamCountry "TUR"]

1. Nf3 d5 2. g3 c6 3. Bg2 Nf6 4. O-O Bf5 5. d3 Nbd7 6. Nbd2 Qc7 7. Qe1 e5 8. e4 dxe4 9. dxe4 Bg4 10. b3 Bc5 11. Bb2 O-O-O 12. a3 h5 13. b4 Be7 14. Nc4 Bxf3 15. Bxf3 h4 16. Qc3 Nh7 17. Nxe5 Bf6 18. Bg4 Rhe8 19. f4 hxg3 20. Qxg3 Bxe5 21. fxe5 Re7 22. Qh4 1-0

[Event "1st FIDE Olympiad DIS 2023"]
[Site "Belgrade"]
[Date "2023.02.04"]
[Round "6.23"]
[White "Donmez, Unal"]
[Black "Morariu, Ionel"]
[Result "0-1"]
[WhiteElo "1816"]
[BlackElo "1915"]
[Annotator "TA"]
[PlyCount "82"]
[EventDate "2023.01.30"]
[EventType "team-tourn"]
[EventCountry "SRB"]
[SourceTitle "playchess.com"]
[Source "ChessBase"]
[SourceQuality "1"]
[WhiteTeam "Turkey"]
[BlackTeam "Romania"]
[WhiteTeamCountry "TUR"]
[BlackTeamCountry "ROU"]

1. e4 d6 2. d4 Nd7 3. Nf3 Ngf6 4. Nc3 e5 5. Bc4 Be7 6. O-O O-O 7. h3 c6 8. a4 b6 9. Qe2 a6 10. Rd1 Qc7 11. Bg5 Bb7 12. Rd2 b5 13. Bd3 Rfe8 14. d5 cxd5 15. Nxd5 Nxd5 16. exd5 Bxg5 17. Nxg5 Nf6 18. Be4 h6 19. Nf3 Qa5 20. Nh4 Nxe4 21. Rd3 Nf6 22. Nf5 Qb4 23. Rg3 g6 24. Raa3 Qe4 25. Nxh6+ Kg7 26. Rae3 Qf4 27. Ng4 Nxd5 28. Rgf3 Qg5 29. Re4 f5 30. Rg3 fxe4 31. Qxe4 Qc1+ 32. Kh2 Qf4 33. Qd3 Ne7 34. Qxd6 Nf5 35. Qf6+ Kh7 36. Qf7+ Kh8 37. Qf6+ Ng7 38. Qxg6 Be4 39. Qb6 Re6 40. Qc7 Nh5 41. Ne3 Nxg3 0-1